| 000 | 00586nam a22001695i 4500 | ||
|---|---|---|---|
| 001 | 166932 | ||
| 003 | ES-MaACL | ||
| 005 | 20230906213429.0 | ||
| 008 | 050921s1868 sp | |||||||| ||spa d | ||
| 040 |
_aCAM _bspa _cCAM |
||
| 100 | 1 |
_aValle y Serrano, Antonio María del. _9112822 |
|
| 245 | 1 | 3 |
_aLa tradicion de una aldea _b: leyenda original / _cpor Antonio María del Valle y Serrano. |
| 260 |
_aMadrid : _b[s.n.], _c1868 ( _fImprenta y estereotipia de M. Rivadeneyra) |
||
| 300 |
_a47 p. ; _c24 cm. |
||
| 752 |
_aEspaña - _dMadrid |
||
| 852 |
_aES-MaACL _jG-9085(2) _z-- Enc. tela |
||
| 999 |
_c166932 _d166932 |
||